00297nam a2200109Ia 4500008004100000082001500041100001900056245006400075260002400139300000800163650001600171191201s2010 xx 000 0 und d a519.3bDEO aDEB, Kalyanmoy 0aOptimization For Engineering Design Algorithms and Examples aN. DelhibPHIc2010 a381 aM.Tech (ME)